<?xml version="1.0" encoding="UTF-8"?>
<record
    xmlns:xsi="http://www.w3.org/2001/XMLSchema-instance"
    xsi:schemaLocation="http://www.loc.gov/MARC21/slim http://www.loc.gov/standards/marcxml/schema/MARC21slim.xsd"
    xmlns="http://www.loc.gov/MARC21/slim">

  <leader>00884nam a22002655i 4500</leader>
  <controlfield tag="001">168430</controlfield>
  <controlfield tag="003">ES-MaACL</controlfield>
  <controlfield tag="005">20260525062936.0</controlfield>
  <controlfield tag="008">080409s1987    sp           |||| | spa d</controlfield>
  <datafield tag="020" ind1=" " ind2=" ">
    <subfield code="a">84-239-1677-4</subfield>
  </datafield>
  <datafield tag="080" ind1=" " ind2=" ">
    <subfield code="a">860-293.21.09</subfield>
  </datafield>
  <datafield tag="080" ind1=" " ind2=" ">
    <subfield code="a">792.54(464.11 M.)</subfield>
  </datafield>
  <datafield tag="080" ind1=" " ind2=" ">
    <subfield code="a">782.6</subfield>
  </datafield>
  <datafield tag="245" ind1="0" ind2="3">
    <subfield code="a">La zarzuela de cerca /</subfield>
    <subfield code="c">edici&#xF3;n y pr&#xF3;logo de Andr&#xE9;s Amor&#xF3;s ; revisi&#xF3;n y ep&#xED;logo de Carlos-Jos&#xE9; Costas.</subfield>
  </datafield>
  <datafield tag="260" ind1=" " ind2=" ">
    <subfield code="a">Madrid :</subfield>
    <subfield code="b">Espasa Calpe,</subfield>
    <subfield code="c">[1987]</subfield>
  </datafield>
  <datafield tag="300" ind1=" " ind2=" ">
    <subfield code="a">285 p. ;</subfield>
    <subfield code="c">17 cm.</subfield>
  </datafield>
  <datafield tag="490" ind1="1" ind2=" ">
    <subfield code="a">Colecci&#xF3;n austral ;</subfield>
    <subfield code="v">1677</subfield>
  </datafield>
  <datafield tag="650" ind1="1" ind2="4">
    <subfield code="a">Zarzuela-</subfield>
    <subfield code="v">Historia.</subfield>
    <subfield code="9">17862</subfield>
  </datafield>
  <datafield tag="650" ind1=" " ind2="4">
    <subfield code="a">Zarzuela-</subfield>
    <subfield code="z">Madrid.</subfield>
    <subfield code="9">137574</subfield>
  </datafield>
  <datafield tag="700" ind1="1" ind2=" ">
    <subfield code="a">Amor&#xF3;s, Andr&#xE9;s.</subfield>
    <subfield code="9">21309</subfield>
  </datafield>
  <datafield tag="700" ind1="1" ind2=" ">
    <subfield code="a">Costas, Carlos Jos&#xE9;.</subfield>
    <subfield code="9">137575</subfield>
  </datafield>
  <datafield tag="830" ind1="0" ind2=" ">
    <subfield code="a">Colecci&#xF3;n austral</subfield>
    <subfield code="v">1677</subfield>
    <subfield code="9">177655</subfield>
  </datafield>
  <datafield tag="852" ind1=" " ind2=" ">
    <subfield code="a">ES-MaACL</subfield>
    <subfield code="j">E-12223</subfield>
    <subfield code="9">R.190442</subfield>
    <subfield code="z">.- Biblioteca Jacinto Mart&#xED;nez Lacalle</subfield>
  </datafield>
  <datafield tag="999" ind1=" " ind2=" ">
    <subfield code="c">168430</subfield>
    <subfield code="d">168430</subfield>
  </datafield>
  <datafield tag="952" ind1=" " ind2=" ">
    <subfield code="0">0</subfield>
    <subfield code="1">0</subfield>
    <subfield code="4">0</subfield>
    <subfield code="7">0</subfield>
    <subfield code="a">ATENEOM</subfield>
    <subfield code="b">ATENEOM</subfield>
    <subfield code="c">DEPO2</subfield>
    <subfield code="d">2008-04-09</subfield>
    <subfield code="e">DON</subfield>
    <subfield code="l">0</subfield>
    <subfield code="o">E-12223</subfield>
    <subfield code="p">1176726</subfield>
    <subfield code="r">2023-02-23 00:00:00</subfield>
    <subfield code="w">2023-02-23</subfield>
    <subfield code="y">MONOGRAFIA</subfield>
  </datafield>
</record>
